Villains Sudden Death! - Statistics

General Stats
  • This quiz has been taken 70 times
  • The average score is 3 of 8
Answers on the Grid
Answers color-coded by a green-red scale on the quiz's grid according to % correct below.
Eric Gordon
Le Chiffre
Ethan Hunt
Alan Parrish
Snake Plissken
Garraka
Keyser Söze
Aristotle Kristatos
Daniel Kaffee
Pussy Galore
Morzeny
Sideshow Bob
Sideshow Mel
Col. Jessep
Felix Leiter
Riff Randell
 
Answer Stats
Answer % Correct
Sideshow Bob
75%
Le Chiffre
69%
Keyser Söze
63%
Col. Jessep
27%
Aristotle Kristatos
24%
Eric Gordon
24%
Garraka
16%
Morzeny
6%
No matching quizzes found
Score Distribution
Percent of People with Each Score
Percentile by Number Answered
Your Score History
You have not taken this quiz